Les transferts les plus chers par saison du 21ème siècle - Statistiques

Statistiques générales
  • Ce quiz a été pris 659 fois
    33 depuis la dernière actualisation
  • Le résultat moyen est 21 sur 26
Statistiques - réponses
Saison Poste Pays Club de départ Club d'arrivée Montant Joueur % Correct
2018/19 ATT France AS Monaco PSG 180M€ Kylian Mbappé
100%
2017/18 ATT Brésil FC Barcelone PSG 222M€ Neymar Jr
100%
2016/17 MIL France Juventus Manchester United 105M€ Paul Pogba
100%
2022/23 MIL Argentine SL Benfica Chelsea 121M€ Enzo Fernandez
96%
2021/22 ATT Angleterre Aston Villa Manchester City 117M€ Jack Grealish
96%
2023/24 MIL Angleterre Borussia Dortmund Real Madrid 127M€ Jude Bellingham
96%
2015/16 MIL Belgique VfL Wolfsburg Manchester City 76M€ Kevin De Bruyne
96%
2001/02 MIL France Juventus Real Madrid 77M€ Zinédine Zidane
96%
2019/20 ATT Portugal SL Benfica Atlético Madrid 127M€ Joao Félix
93%
2000/01 ATT Portugal FC Barcelone Real Madrid 60M€ Luis Figo
93%
2009/10 ATT Portugal Manchester United Real Madrid 94M€ Cristiano Ronaldo
89%
2013/14 ATT Pays de Galles Tottenham Real Madrid 101M€ Gareth Bale
89%
2014/15 ATT Uruguay Liverpool FC Barcelone 81M€ Luis Suarez
89%
2012/13 DEF Brésil AC Milan PSG 42M€ Thiago Silva
86%
2011/12 MIL Argentine Palermo FC PSG 42M€ Javier Pastore
82%
2024/25 ATT Colombie Aston Villa Al-Nassr 77M€ Jhon Durán
82%
2020/21 ATT Allemagne Bayer Leverkusen Chelsea 100M€ Kai Havertz
82%
2004/05 ATT Côte d'Ivoire Olympique de Marseille Chelsea 38M€ Didier Drogba
79%
2003/04 MIL Angleterre Manchester United Real Madrid 37M€ David Beckham
75%
2010/11 ATT Espagne Liverpool Chelsea 58M€ Fernando Torres
75%
2007/08 ATT Espagne Atlético Madrid Liverpool 38M€ Fernando Torres
75%
2002/03 DEF Angleterre Leeds United Manchester United 46M€ Rio Ferdinand
64%
2006/07 ATT Ukraine AC Milan Chelsea 43M€ Andriy Shevchenko
54%
2005/06 MIL Ghana Olympique Lyonnais Chelsea 38M€ Michael Essien
54%
2025/26 ATT Suède Newcastle Liverpool 144M€ Alexander Isak
46%
2008/09 ATT Brésil Real Madrid Manchester City 43M€ Robinho
39%
Aucun quiz correspondant
Distribution des résultats
% des personnes avec chaque résultat
Percentile par nombre de réponses
Votre historique - résultats
Vous n’avez pas pris ce quiz depuis la dernière actualisation